| 000 | 00490nam a2200169 a 4500 | ||
|---|---|---|---|
| 001 | 9374 | ||
| 003 | CO-ViMGA | ||
| 008 | 141112s2004 ck r 000 u spa d | ||
| 040 |
_aCO-ViMGA _bspa _cCO-ViMGA |
||
| 082 | 0 | 4 | _a659.1344 M516 |
| 100 | 1 |
_aMejia Arango ; Juan Luis, _910188 |
|
| 245 | 1 | 0 | _aEn el recodo de todo camino. |
| 260 |
_aSantafé de Bogotá : _bBancafe, _c1998 |
||
| 300 | _a199p. : il. color | ||
| 650 | 1 | 4 |
_aCULTURA, CREENCIAS, MEDIOS DE TRANSPORTE. _910189 |
| 942 |
_2ddc _cBK |
||
| 999 |
_c20899 _d20899 |
||